[Event "Sparkassen-Open A"]
[Site "Heusenstamm, Martinsee"]
[Date "2019.11.24"]
[Round "7.28"]
[White "Ohler, Julius"]
[Black "Spilles, Matthias"]
[Result "0-1"]
[WhiteElo "1884"]
[BlackElo "2074"]
[PlyCount "100"]
[EventDate "2019.??.??"]
[WhiteTeam "SG Trier"]
[BlackTeam "Brühler SK"]

1. d4 Nf6 2. c4 e6 3. Nc3 Bb4 4. a3 Bxc3+ 5. bxc3 c5 6. Nf3 Nc6 7. e3 d6 8. Be2
O-O 9. O-O b6 10. Bb2 Ba6 11. Nd2 Rc8 12. f4 Na5 13. Rc1 Qe7 14. Kh1 Rc7 15.
Bd3 d5 16. Qe2 dxc4 17. Nxc4 Nxc4 18. Bxc4 Bxc4 19. Qxc4 cxd4 20. Qxd4 Rd8 21.
Qb4 Nd5 22. Qxe7 Rxe7 23. Rfe1 Nf6 24. c4 Ne4 25. Bd4 Rc7 26. Rc2 Rdc8 27. Rec1
f6 28. g3 Kf7 29. Kg2 Nd6 30. c5 Nb7 31. c6 Na5 32. Kf3 Rxc6 33. Rxc6 Rxc6 34.
Rxc6 Nxc6 35. Bc3 f5 36. e4 g6 37. g4 Ke7 38. h4 h5 39. gxf5 gxf5 40. e5 Kd7
41. Ke3 Ne7 42. Be1 Nd5+ 43. Kf3 Kc6 44. a4 a5 45. Bd2 Kc5 46. Ke2 Kc4 47. Be3
Kb4 48. Kd3 Nxe3 49. Kxe3 Kxa4 50. Kd4 Kb3 0-1

[Event "Sparkassen-Open A"]
[Site "Heusenstamm, Martinsee"]
[Date "2019.11.24"]
[Round "7.29"]
[White "Weber, Samuel"]
[Black "Gebhardt, Ulrich"]
[Result "1-0"]
[WhiteElo "2291"]
[BlackElo "2072"]
[PlyCount "55"]
[EventDate "2019.??.??"]
[WhiteTeam "SV Oberursel"]
[BlackTeam "SK Ettlingen"]

1. c4 e5 2. g3 Nf6 3. Nc3 d5 4. cxd5 Nxd5 5. Bg2 Nb6 6. Nf3 Nc6 7. O-O Be7 8.
d3 O-O 9. a3 Be6 10. b4 a6 11. Bb2 Qd7 12. Ne4 f6 13. Re1 Nd4 14. Nxd4 exd4 15.
Rc1 Rad8 16. Nc5 Bxc5 17. bxc5 Na4 18. Ba1 Qb5 19. Bxb7 Nc3 20. Bxc3 dxc3 21.
Rb1 Qxc5 22. Qc2 Rb8 23. Rec1 c6 24. Qxc3 Qxc3 25. Rxc3 Rf7 26. Rxc6 Bd5 27.
Rc8+ Rxc8 28. Bxc8 1-0

[Event "Sparkassen-Open A"]
[Site "Heusenstamm, Martinsee"]
[Date "2019.11.24"]
[Round "7.30"]
[White "Boder, Jan"]
[Black "Hebbering, Tom Elliot"]
[Result "0-1"]
[WhiteElo "2067"]
[BlackElo "2226"]
[PlyCount "68"]
[EventDate "2019.??.??"]
[WhiteTeam "SC ML Kastellaun"]
[BlackTeam "SK Gernsheim"]

1. c4 c6 2. g3 e5 3. Nf3 e4 4. Nd4 d5 5. cxd5 Qxd5 6. Nc2 Bc5 7. Nc3 Qf5 8. Ne3
Bxe3 9. dxe3 Nf6 10. Bg2 O-O 11. O-O Qg6 12. f3 Be6 13. b3 Nbd7 14. Bb2 Rad8
15. Qc1 Rfe8 16. Nxe4 Nxe4 17. fxe4 f6 18. Qc3 Qg5 19. Rad1 Ne5 20. Rxd8 Rxd8
21. Qc1 h5 22. Bd4 Nd7 23. Kh1 c5 24. Bb2 b6 25. Qd2 Re8 26. Bf3 Ne5 27. Bxe5
Qxe5 28. Rd1 Bf7 29. Qd6 Qxd6 30. Rxd6 Re7 31. Rd8+ Kh7 32. Kg2 Rc7 33. e5 fxe5
34. Be4+ Bg6 0-1

[Event "Sparkassen-Open A"]
[Site "Heusenstamm, Martinsee"]
[Date "2019.11.24"]
[Round "7.31"]
[White "Krämer, Enrico"]
[Black "Olesiak, Marcin"]
[Result "1-0"]
[WhiteElo "2223"]
[BlackElo "2021"]
[PlyCount "29"]
[EventDate "2019.??.??"]
[WhiteTeam "SG Speyer-Schwegenheim"]
[BlackTeam "SV Oberursel"]

1. d4 d5 2. Nf3 Nf6 3. g3 e6 4. Bg2 b6 5. O-O Bb7 6. c4 Be7 7. cxd5 exd5 8. Nc3
O-O 9. Ne5 Re8 10. Qa4 Bd6 11. Nd3 c5 12. dxc5 bxc5 13. Bg5 Qd7 14. Bxf6 Bc6
15. Qh4 1-0

[Event "Sparkassen-Open A"]
[Site "Heusenstamm, Martinsee"]
[Date "2019.11.24"]
[Round "7.32"]
[White "Boos, Markus"]
[Black "Kagan, Dennis"]
[Result "1-0"]
[WhiteElo "2165"]
[BlackElo "2055"]
[PlyCount "57"]
[EventDate "2019.??.??"]
[WhiteTeam "Elberfelder SG"]
[BlackTeam "SG Porz"]

1. d4 Nf6 2. c4 e6 3. g3 d5 4. Bg2 Be7 5. Nf3 O-O 6. O-O dxc4 7. Qc2 a6 8. a4
Bd7 9. Nc3 Nc6 10. Rd1 Nb4 11. Qb1 Bc6 12. Bg5 Bxf3 13. Bxf3 Rb8 14. b3 cxb3
15. Qxb3 Nd7 16. Bf4 Nb6 17. e4 Bd6 18. Be3 Re8 19. a5 Nd7 20. Ra4 Nc6 21. e5
Bf8 22. Bxc6 bxc6 23. Qc4 c5 24. Qxa6 Qc8 25. Qxc8 Rexc8 26. dxc5 Nxc5 27. Bxc5
Bxc5 28. Ne4 Rb4 29. Nxc5 1-0

[Event "Sparkassen-Open A"]
[Site "Heusenstamm, Martinsee"]
[Date "2019.11.24"]
[Round "7.33"]
[White "Asadzade, Idris"]
[Black "Harringer, Manfred"]
[Result "1-0"]
[WhiteElo "2166"]
[BlackElo "2043"]
[PlyCount "38"]
[EventDate "2019.??.??"]
[WhiteTeam "Königsspringer Leverkusen"]
[BlackTeam "Bergische SF"]

1. d4 Nf6 2. c4 e6 3. Nf3 d5 4. Nc3 Bb4 5. Bg5 h6 6. Bxf6 Bxc3+ 7. bxc3 Qxf6 8.
e3 Nd7 9. cxd5 exd5 10. Be2 O-O 11. O-O Nb6 12. Nd2 Bf5 13. Re1 Rfe8 14. c4 Qg6
15. cxd5 Bc2 16. Qc1 Nxd5 17. Qb2 Ba4 18. Bf3 Bc6 19. Qb3 Rab8 1-0

[Event "Sparkassen-Open A"]
[Site "Heusenstamm, Martinsee"]
[Date "2019.11.24"]
[Round "7.34"]
[White "Kather, Yannick"]
[Black "Agnello, Francesco Claudio"]
[Result "1-0"]
[WhiteElo "2137"]
[BlackElo "2040"]
[PlyCount "119"]
[EventDate "2019.??.??"]
[WhiteTeam "SW Lichtenrade"]
[BlackTeam "vereinslos/Leipzig"]

1. e4 Nf6 2. e5 Nd5 3. d4 Nb6 4. c4 d6 5. exd6 exd6 6. Nc3 Be7 7. Bd3 Bf6 8.
Nge2 Nc6 9. Be3 O-O 10. O-O Nb4 11. Rc1 Nxd3 12. Qxd3 Re8 13. b3 a5 14. Rfd1
Bg4 15. c5 dxc5 16. dxc5 Qxd3 17. Rxd3 Nd7 18. c6 bxc6 19. h3 Bf5 20. Rd2 Ne5
21. Kf1 Rad8 22. Na4 Rxd2 23. Bxd2 Bd3 24. Nc5 Bxe2+ 25. Kxe2 Nc4+ 26. Be3 Nxe3
27. fxe3 Bd4 28. Kd3 Bb2 29. Rc2 Be5 30. Rc4 Ra8 31. Nb7 Kf8 32. Ra4 Rb8 33.
Nxa5 Rb6 34. Nc4 Rb5 35. Ra6 Bh2 36. Rxc6 Rg5 37. g4 h5 38. gxh5 Rxh5 39. a4
Ke8 40. Ra6 Kd7 41. Ra8 Kc6 42. Rb8 Bg3 43. b4 Be1 44. a5 Rb5 45. Rxb5 Kxb5 46.
Na3+ Ka6 47. Kc4 f5 48. Nb5 c6 49. Nd4 Bd2 50. Nxf5 g6 51. Ne7 c5 52. Kxc5
Bxe3+ 53. Kc4 g5 54. Nc6 Bd2 55. b5+ Kb7 56. a6+ Kb6 57. Ne7 Be1 58. Nd5+ Ka7
59. Kc5 Bg3 60. Kc6 1-0

[Event "Sparkassen-Open A"]
[Site "Heusenstamm, Martinsee"]
[Date "2019.11.24"]
[Round "7.35"]
[White "Lesny, Florian"]
[Black "Von Auer, Ulrich"]
[Result "1-0"]
[WhiteElo "2138"]
[BlackElo "2033"]
[PlyCount "55"]
[EventDate "2019.??.??"]
[WhiteTeam "SK Niederbrechen"]
[BlackTeam "SF Frankfurt"]

1. e4 e6 2. d4 d5 3. e5 c5 4. c3 Nc6 5. Nf3 Bd7 6. Be2 Nge7 7. Na3 cxd4 8. cxd4
Nf5 9. Nc2 Qb6 10. O-O Nb4 11. Ne3 Nxe3 12. fxe3 Be7 13. a3 Nc6 14. b4 a6 15.
Bd3 f6 16. exf6 Bxf6 17. Ng5 e5 18. Qh5+ Ke7 19. Qf7+ Kd6 20. Nxh7 Be6 21. Qg6
Nxd4 22. Ra2 Nb3 23. Nxf6 Nxc1 24. Nxd5 Kxd5 25. Be4+ Kc4 26. Rxc1+ Kb3 27.
Bd5+ Bxd5 28. Qc2# 1-0

[Event "Sparkassen-Open A"]
[Site "Heusenstamm, Martinsee"]
[Date "2019.11.24"]
[Round "7.36"]
[White "Laux, Dominik"]
[Black "Gramb, Marius"]
[Result "0-1"]
[WhiteElo "2066"]
[BlackElo "2120"]
[PlyCount "88"]
[EventDate "2019.??.??"]
[WhiteTeam "VSG Offenbach"]
[BlackTeam "Brühler SK"]

1. d4 d5 2. Bf4 Nf6 3. e3 e6 4. Nf3 c5 5. c3 Nc6 6. Nbd2 cxd4 7. exd4 Nh5 8.
Bg5 f6 9. Be3 Bd6 10. g3 O-O 11. Bg2 f5 12. Ne5 f4 13. Nxc6 bxc6 14. Qxh5 fxe3
15. fxe3 Qb6 16. O-O-O Rb8 17. Nb3 Ba6 18. Bf1 Bc4 19. Bd3 Bxd3 20. Rxd3 a5 21.
Qh3 Rf6 22. Rd2 a4 23. Na1 Qb5 24. Rc2 Qc4 25. Kb1 Qd3 26. Re1 Rbf8 27. a3 h6
28. Qg4 Qb5 29. Qe2 Qb6 30. Kc1 e5 31. Rd2 Rb8 32. Rc2 Rb7 33. g4 exd4 34. cxd4
Re7 35. Rc3 Bf4 36. Nc2 Bg5 37. Rf1 Rb7 38. Nb4 Rxf1+ 39. Qxf1 Qxd4 40. Qe2 c5
41. Nc2 Qf6 42. Qg2 Qe5 43. h3 Rb3 44. Qd2 d4 0-1

[Event "Sparkassen-Open A"]
[Site "Heusenstamm, Martinsee"]
[Date "2019.11.24"]
[Round "7.37"]
[White "Weise, Martin"]
[Black "Wuerl, Roland"]
[Result "1/2-1/2"]
[WhiteElo "2118"]
[BlackElo "1876"]
[PlyCount "32"]
[EventDate "2019.??.??"]
[WhiteTeam "SC Fulda"]
[BlackTeam "SK Dieburg"]

1. Nf3 c5 2. e4 Nc6 3. Bb5 g6 4. O-O Bg7 5. c3 Nf6 6. Qa4 O-O 7. e5 Ne8 8. Re1
Nc7 9. Bxc6 dxc6 10. Qh4 Bf5 11. d4 cxd4 12. Nxd4 e6 13. Bg5 f6 14. exf6 Bxf6
15. Bxf6 Qxf6 16. Qxf6 Rxf6 1/2-1/2

[Event "Sparkassen-Open A"]
[Site "Heusenstamm, Martinsee"]
[Date "2019.11.24"]
[Round "7.38"]
[White "Mährlein, Christoph"]
[Black "Englert, Jon"]
[Result "1/2-1/2"]
[WhiteElo "2053"]
[BlackElo "2117"]
[PlyCount "34"]
[EventDate "2019.??.??"]
[WhiteTeam "SC Pforzheim"]
[BlackTeam "TV-Großostheim"]

1. c4 c5 2. Nf3 Nc6 3. Nc3 g6 4. e4 Bg7 5. Be2 e6 6. d3 Nge7 7. Bg5 h6 8. Be3
Nd4 9. Qd2 Nec6 10. Rb1 Nxf3+ 11. Bxf3 d6 12. O-O e5 13. a3 Be6 14. b4 b6 15.
Bd1 g5 16. Nd5 Rc8 17. f3 f6 1/2-1/2

[Event "Sparkassen-Open A"]
[Site "Heusenstamm, Martinsee"]
[Date "2019.11.24"]
[Round "7.39"]
[White "Stümer, Paul"]
[Black "Villwock, Martin"]
[Result "0-1"]
[WhiteElo "2050"]
[BlackElo "2110"]
[PlyCount "46"]
[EventDate "2019.??.??"]
[WhiteTeam "SV Bergneustadt/Derschlag"]
[BlackTeam "SF Essen-Katernberg"]

1. Nf3 c5 2. e3 d5 3. c4 d4 4. exd4 cxd4 5. d3 Nc6 6. Be2 e5 7. O-O Bd6 8. Na3
Nge7 9. Nc2 a5 10. Na3 O-O 11. Nb5 Bb8 12. Nd2 Ng6 13. g3 Bh3 14. Re1 f5 15.
Bf3 e4 16. dxe4 f4 17. Bg4 Bxg4 18. Qxg4 Nce5 19. Qh5 Ra6 20. Rf1 Raf6 21. b3
fxg3 22. hxg3 Nf4 23. Qd1 Qd7 0-1

[Event "Sparkassen-Open A"]
[Site "Heusenstamm, Martinsee"]
[Date "2019.11.24"]
[Round "7.40"]
[White "Bakiev, Diyor"]
[Black "Bardorz, Jana"]
[Result "0-1"]
[WhiteElo "2084"]
[BlackElo "1932"]
[PlyCount "118"]
[EventDate "2019.??.??"]
[WhiteTeam "Wiesbadener SV"]
[BlackTeam "TSV Rottendorf"]

1. e4 e5 2. Nf3 Nc6 3. Bb5 a6 4. Ba4 Nf6 5. Qe2 b5 6. Bb3 Bc5 7. O-O d6 8. c3
O-O 9. d3 h6 10. h3 Re8 11. Rd1 Bb6 12. Nbd2 Be6 13. Bc2 Qe7 14. Nf1 Rad8 15.
g4 d5 16. Ng3 dxe4 17. dxe4 Rxd1+ 18. Qxd1 Rd8 19. Qe1 Nd7 20. Nf5 Bxf5 21.
gxf5 Kh7 22. Qe2 Rg8 23. Kh1 Nf6 24. a4 b4 25. Qc4 Qc5 26. Qxc5 Bxc5 27. Be3
Bxe3 28. fxe3 bxc3 29. bxc3 g5 30. fxg6+ fxg6 31. Bd3 Rb8 32. Rb1 Rxb1+ 33.
Bxb1 a5 34. Kg2 Nd7 35. Ba2 Nc5 36. Bd5 Ne7 37. Nxe5 Nxa4 38. c4 Nc5 39. Kf2 a4
40. Nf3 a3 41. Nd4 a2 42. Nc2 c6 43. Na1 Kg7 44. Ke2 Kf6 45. e5+ Kxe5 46. Bf3
Ne4 47. h4 c5 48. Kd3 Nd6 49. Kc3 Nef5 50. h5 g5 51. Kb2 Nxc4+ 52. Kxa2 Ncxe3
53. Kb2 Nd4 54. Bh1 g4 55. Nb3 Nxb3 56. Kxb3 g3 57. Kc3 g2 58. Bxg2 Nxg2 59.
Kc4 Kd6 0-1

[Event "Sparkassen-Open A"]
[Site "Heusenstamm, Martinsee"]
[Date "2019.11.24"]
[Round "7.41"]
[White "Iliev, Mustafa Batuhan"]
[Black "Mohr, Thomas"]
[Result "1-0"]
[WhiteElo "2017"]
[BlackElo "1904"]
[PlyCount "63"]
[EventDate "2019.??.??"]
[WhiteTeam "SV Großauheim"]
[BlackTeam "SC FK Babenhausen"]

1. e4 c5 2. Nf3 Nc6 3. d4 cxd4 4. Nxd4 e5 5. Nb5 a6 6. Nd6+ Bxd6 7. Qxd6 Qe7 8.
Qd1 Nf6 9. Nc3 d6 10. Nd5 Nxd5 11. exd5 Nb8 12. c4 Nd7 13. Be2 O-O 14. O-O f5
15. f3 f4 16. Bd3 Nc5 17. b4 Nxd3 18. Qxd3 Rf6 19. Re1 Bd7 20. c5 dxc5 21. Bb2
cxb4 22. Bxe5 Qc5+ 23. Kh1 Rf7 24. Rac1 Qb5 25. Qd4 Re8 26. Bxf4 Rfe7 27. Rxe7
Rxe7 28. Bd6 Re2 29. Bxb4 Rxa2 30. Qf4 h6 31. Qf8+ Kh7 32. Bc3 1-0

[Event "Sparkassen-Open A"]
[Site "Heusenstamm, Martinsee"]
[Date "2019.11.24"]
[Round "7.42"]
[White "Fuß, Jean-Pierre"]
[Black "Waffenschmidt, Joachim"]
[Result "1/2-1/2"]
[WhiteElo "2008"]
[BlackElo "2042"]
[PlyCount "59"]
[EventDate "2019.??.??"]
[WhiteTeam "SV Turm Sankt Augustin"]
[BlackTeam "SV Hofheim"]

1. d4 d5 2. Nf3 Nf6 3. g3 e6 4. Bg2 Be7 5. O-O O-O 6. c4 c6 7. Qc2 Nbd7 8. cxd5
exd5 9. Nc3 Re8 10. a3 a5 11. Rd1 Nf8 12. Ne5 Bd6 13. f4 Ng4 14. e4 dxe4 15.
Nxe4 Bxe5 16. dxe5 Qb6+ 17. Qc5 Qb3 18. Bd2 Ne6 19. Qc3 Qb6+ 20. Kh1 Nc7 21.
Rac1 Bf5 22. h3 Bxe4 23. hxg4 Bxg2+ 24. Kxg2 Nd5 25. Qc5 Qb3 26. Qc2 Qb5 27.
Kf3 Rad8 28. Be3 Nxe3 29. Kxe3 Qb6+ 30. Kf3 1/2-1/2

[Event "Sparkassen-Open A"]
[Site "Heusenstamm, Martinsee"]
[Date "2019.11.24"]
[Round "7.43"]
[White "Küpper, Martin"]
[Black "Schlößner, Henrik"]
[Result "1/2-1/2"]
[WhiteElo "1991"]
[BlackElo "2076"]
[PlyCount "35"]
[EventDate "2019.??.??"]
[WhiteTeam "SC Fulda"]
[BlackTeam "SK Gründau"]

1. Nf3 Nf6 2. c4 g6 3. d4 Bg7 4. e3 O-O 5. Be2 d6 6. O-O c6 7. b4 Qc7 8. Bb2
Nbd7 9. Nc3 e5 10. Qb3 h6 11. Rfc1 Re8 12. Bf1 Nf8 13. a4 a5 14. b5 Bg4 15. Nd2
exd4 16. exd4 Ne6 17. Nd5 Qd8 18. Ne3 1/2-1/2

[Event "Sparkassen-Open A"]
[Site "Heusenstamm, Martinsee"]
[Date "2019.11.24"]
[Round "7.44"]
[White "Hagner, Bennet"]
[Black "Nickel, Rüdiger"]
[Result "1-0"]
[WhiteElo "1890"]
[BlackElo "2075"]
[PlyCount "79"]
[EventDate "2019.??.??"]
[WhiteTeam "Frankfurter TV"]
[BlackTeam "SK Dinkelsbühl"]

1. e4 c5 2. Nf3 d6 3. d4 cxd4 4. Nxd4 Nf6 5. Nc3 a6 6. Be3 e5 7. Nb3 Be6 8. Qd2
Nbd7 9. f3 b5 10. O-O-O Rc8 11. g4 Nb6 12. Bxb6 Qxb6 13. h4 Be7 14. Bh3 b4 15.
Ne2 a5 16. g5 Nh5 17. Kb1 O-O 18. Bg4 a4 19. Bxh5 axb3 20. cxb3 Rc5 21. Bg4 d5
22. Bf5 Ra8 23. Bxe6 fxe6 24. g6 h6 25. Nc1 Qd8 26. f4 Qe8 27. Qg2 Rac8 28.
exd5 Rc2 29. Qe4 exf4 30. Qxe6+ Kh8 31. Rhe1 f3 32. Qxe7 Qxg6 33. Ka1 f2 34.
Rf1 Qg2 35. Qe3 Qg4 36. d6 Qxh4 37. d7 Rf8 38. Qe8 Qf6 39. Nd3 Kh7 40. Rxf2 1-0

[Event "Sparkassen-Open A"]
[Site "Heusenstamm, Martinsee"]
[Date "2019.11.24"]
[Round "7.46"]
[White "Ramien, David"]
[Black "Blübaum, Johanna"]
[Result "1-0"]
[WhiteElo "2228"]
[BlackElo "1981"]
[PlyCount "125"]
[EventDate "2019.??.??"]
[WhiteTeam "SG Porz"]
[BlackTeam "SK Marburg"]

1. e4 e6 2. d4 d5 3. Nc3 Nf6 4. Bg5 dxe4 5. Nxe4 Be7 6. Bxf6 Bxf6 7. c3 Nd7 8.
Bd3 Be7 9. Nf3 O-O 10. h4 f5 11. Neg5 Nf6 12. Qb3 Nd5 13. g3 h6 14. Nh3 c5 15.
O-O-O Qc7 16. Bc4 Rd8 17. dxc5 Qxc5 18. Nd4 Rb8 19. Nxf5 Bf6 20. Nd4 b5 21.
Bxd5 Rxd5 22. Ne2 b4 23. Rxd5 exd5 24. Nef4 Rb5 25. Nd3 Qb6 26. cxb4 Bf5 27.
Nhf4 Qc6+ 28. Kb1 Qc4 29. Ka1 Qxb3 30. axb3 g5 31. hxg5 hxg5 32. Nh5 Bd4 33.
Nc1 Rb6 34. Rd1 Ra6+ 35. Na2 Re6 36. Nc3 Bxf2 37. Rxd5 Bc2 38. Rxg5+ Kf7 39.
Ka2 Be3 40. Nf4 Ra6+ 41. Ra5 Rh6 42. Nfd5 Bf2 43. Nb5 Rh1 44. Ndc3 Bxg3 45.
Rxa7+ Kf6 46. Nd4 Bd3 47. b5 Bf2 48. Ra6+ Ke5 49. Nc6+ Kf5 50. Ra8 Ke6 51. Re8+
Kf7 52. Re7+ Kf8 53. Rb7 Rh5 54. b6 Rf5 55. Rb8+ Kf7 56. b7 Bg3 57. Rc8 Bf1 58.
b8=Q Bxb8 59. Rxb8 Bg2 60. Nd4 Ra5+ 61. Na4 Bd5 62. Ka3 Ke7 63. Rb5 1-0

[Event "Sparkassen-Open A"]
[Site "Heusenstamm, Martinsee"]
[Date "2019.11.24"]
[Round "7.47"]
[White "Gallasch, Jonas"]
[Black "Gentner, Markus"]
[Result "1/2-1/2"]
[WhiteElo "2160"]
[BlackElo "1979"]
[PlyCount "36"]
[EventDate "2019.??.??"]
[WhiteTeam "SG Porz"]
[BlackTeam "SC Murrhardt"]

1. d4 Nf6 2. c4 c5 3. d5 b5 4. a4 bxc4 5. Nc3 g6 6. e4 d6 7. Bxc4 Bg7 8. Nf3
Nbd7 9. O-O O-O 10. h3 Rb8 11. Nd2 Ne8 12. Qc2 f5 13. f4 Nc7 14. Nb5 Rb7 15.
Ra3 Nb6 16. Nxc7 Nxc4 17. Nxc4 Qxc7 18. exf5 Rxf5 1/2-1/2

[Event "Sparkassen-Open A"]
[Site "Heusenstamm, Martinsee"]
[Date "2019.11.24"]
[Round "7.48"]
[White "Haack, Kevin"]
[Black "Neurohr, Jürgen"]
[Result "1-0"]
[WhiteElo "1978"]
[BlackElo "2111"]
[PlyCount "67"]
[EventDate "2019.??.??"]
[WhiteTeam "SC Bad Soden"]
[BlackTeam "SF Mainz"]

1. c4 g6 2. g3 Bg7 3. Bg2 d6 4. Nc3 e5 5. d3 Nc6 6. Rb1 a5 7. a3 Nf6 8. b4 axb4
9. axb4 O-O 10. e3 Re8 11. Nge2 Rb8 12. O-O Be6 13. Nd5 Ne7 14. Nec3 c6 15.
Nxf6+ Bxf6 16. Ne4 Bg7 17. Ng5 Bf5 18. e4 Bc8 19. f4 h6 20. Nf3 exf4 21. Bxf4
Ra8 22. Qd2 Kh7 23. Be3 f5 24. Bd4 Bxd4+ 25. Nxd4 d5 26. exd5 cxd5 27. c5 Nc6
28. Nb5 d4 29. Nd6 Re3 30. Bxc6 bxc6 31. Rfe1 Qe7 32. Nc4 Rxe1+ 33. Rxe1 Qf6
34. Nb6 1-0

[Event "Sparkassen-Open A"]
[Site "Heusenstamm, Martinsee"]
[Date "2019.11.24"]
[Round "7.49"]
[White "Seewi, Joram"]
[Black "Kalepky, Helmut"]
[Result "1-0"]
[WhiteElo "2108"]
[BlackElo "1973"]
[PlyCount "41"]
[EventDate "2019.??.??"]
[WhiteTeam "SG Kalker/Deutzer"]
[BlackTeam "SF Heidesheim"]

1. Nc3 c5 2. Nf3 Nc6 3. d4 cxd4 4. Nxd4 Nf6 5. Bg5 Qa5 6. Bxf6 gxf6 7. e3 a6 8.
Nb3 Qe5 9. Nd5 e6 10. Nb6 Rb8 11. c3 Qc7 12. Nxc8 Rxc8 13. h4 Qe5 14. h5 h6 15.
Qd2 Bc5 16. O-O-O Rc7 17. Kb1 Bb6 18. Rh4 f5 19. g3 Ke7 20. c4 Na5 21. Qb4+ 1-0

[Event "Sparkassen-Open A"]
[Site "Heusenstamm, Martinsee"]
[Date "2019.11.24"]
[Round "7.50"]
[White "Berkes, Alexander"]
[Black "Rondonuwu, Grover"]
[Result "1-0"]
[WhiteElo "1833"]
[BlackElo "2106"]
[PlyCount "65"]
[EventDate "2019.??.??"]
[WhiteTeam "SK Langen"]
[BlackTeam "Frankfurter TV"]

1. e4 c5 2. Nf3 g6 3. c3 Bg7 4. d4 cxd4 5. cxd4 d5 6. e5 Bg4 7. Nc3 Nc6 8. Be3
Nh6 9. Qb3 Bxf3 10. Qxb7 O-O 11. gxf3 Rc8 12. Rc1 Rc7 13. Qb5 e6 14. Ne2 Qd7
15. Ng3 Rb8 16. Qc5 Bf8 17. Qc2 Rbb7 18. Qb1 Bb4+ 19. Kd1 Bf8 20. h4 Nb4 21.
Rxc7 Rxc7 22. h5 Nf5 23. Nxf5 exf5 24. b3 Qc6 25. Bd3 Qc3 26. Ke2 Nxd3 27. Qxd3
Qb2+ 28. Kf1 Qxa2 29. Qb5 Rc3 30. hxg6 hxg6 31. Qe8 Qa6+ 32. Kg2 Qe6 33. Rh8+
1-0

[Event "Sparkassen-Open A"]
[Site "Heusenstamm, Martinsee"]
[Date "2019.11.24"]
[Round "7.51"]
[White "Berberich, Christoph"]
[Black "Reitz, Philipp"]
[Result "1-0"]
[WhiteElo "1958"]
[BlackElo "2088"]
[PlyCount "113"]
[EventDate "2019.??.??"]
[WhiteTeam "SGEM Dreisamtal"]
[BlackTeam "VfR-SC Koblenz"]

1. d4 Nf6 2. Nf3 g6 3. c4 c5 4. g3 Bg7 5. Bg2 O-O 6. O-O cxd4 7. Nxd4 Nc6 8.
Nc3 Nxd4 9. Qxd4 d6 10. Qd3 Bf5 11. e4 Be6 12. b3 Qc8 13. Rd1 Ng4 14. Bb2 Ne5
15. Qe2 Bh3 16. Bh1 Bg4 17. f3 Bh3 18. Rac1 Bh6 19. Nd5 Nc6 20. Rc2 Qd8 21. c5
Bg7 22. cxd6 exd6 23. Bxg7 Kxg7 24. Rcd2 Bc8 25. Nf4 Qa5 26. Rxd6 Nb4 27. Qb2+
Kg8 28. a3 Qc5+ 29. Qd4 Qxd4+ 30. R6xd4 Nc2 31. Ra4 g5 32. Nd5 Be6 33. Kf2 Kg7
34. Rd2 Rfc8 35. f4 gxf4 36. gxf4 Bd7 37. Rc4 Nxa3 38. Rcd4 Rc1 39. Bf3 Bb5 40.
Ne3 Kf8 41. e5 Bc6 42. Bxc6 bxc6 43. Rd7 Nb1 44. R2d6 Nc3 45. Kf3 Nb5 46. Rf6
Kg8 47. Rfxf7 Nd4+ 48. Ke4 Ne6 49. Kf5 Nf8 50. Rc7 h5 51. Rg7+ Kh8 52. Rxa7
Rxa7 53. Rxa7 Rc3 54. Nc4 Rxb3 55. e6 Nxe6 56. Kxe6 Rb4 57. Ne5 1-0

[Event "Sparkassen-Open A"]
[Site "Heusenstamm, Martinsee"]
[Date "2019.11.24"]
[Round "7.52"]
[White "Heindrich, Mark"]
[Black "Schultze, Jörg-Martin"]
[Result "1/2-1/2"]
[WhiteElo "2096"]
[BlackElo "1950"]
[PlyCount "128"]
[EventDate "2019.??.??"]
[WhiteTeam "TuS Dotzheim"]
[BlackTeam "SF Anderssen Wetzlar"]

1. e4 c6 2. Nf3 d5 3. d3 Bg4 4. h3 Bxf3 5. Qxf3 e6 6. a3 Bd6 7. Nc3 d4 8. Nb1
Nd7 9. g3 Ngf6 10. Bg2 O-O 11. O-O Rc8 12. Nd2 b5 13. Qe2 Bb8 14. f4 e5 15. Rf2
Re8 16. f5 Nb6 17. g4 Nfd7 18. Nf1 f6 19. h4 Kf7 20. g5 Ke7 21. Nh2 Rh8 22. Bd2
c5 23. Ba5 Qe8 24. Bf3 Nf8 25. Bh5 Qc6 26. Bd2 Na4 27. b3 Nc3 28. Qe1 c4 29.
Rg2 Nd7 30. b4 Bc7 31. Bf3 a5 32. gxf6+ gxf6 33. Rg7+ Kd6 34. Qg3 Qa8 35. Bxc3
Rhg8 36. Kh1 cxd3 37. Bxd4 dxc2 38. Rc1 axb4 39. axb4 Qa3 40. Rxc2 Rxg7 41.
Bc5+ Nxc5 42. bxc5+ Qxc5 43. Rd2+ Kc6 44. Qxg7 Ra8 45. Qd7+ Kb6 46. Rd1 b4 47.
Ng4 Ra3 48. Kg2 b3 49. Rd2 Qc3 50. Nxf6 Qxd2+ 51. Qxd2 Ra2 52. Qe2 Bd8 53. Nd5+
Kc5 54. Kf1 Ra1+ 55. Qd1 b2 56. Nc3 Rxd1+ 57. Bxd1 Kd4 58. Nb1 Kxe4 59. Bc2+
Kf4 60. h5 e4 61. Nd2 Kxf5 62. Nxe4 Kf4 63. Nc3 Ke3 64. Nb1 h6 1/2-1/2

[Event "Sparkassen-Open A"]
[Site "Heusenstamm, Martinsee"]
[Date "2019.11.24"]
[Round "7.53"]
[White "Gallasch, Robin"]
[Black "Modric, Vladimir"]
[Result "1/2-1/2"]
[WhiteElo "2072"]
[BlackElo "1930"]
[PlyCount "94"]
[EventDate "2019.??.??"]
[WhiteTeam "SG Porz"]
[BlackTeam "SC Nied"]

1. d4 d6 2. e4 c6 3. Nc3 Qc7 4. f4 e5 5. fxe5 dxe5 6. d5 Nf6 7. Bg5 Bg4 8. Qd2
Nbd7 9. dxc6 bxc6 10. Nf3 Bc5 11. Bd3 O-O 12. Na4 Be7 13. O-O Rab8 14. Kh1 Rfe8
15. Be3 Rb4 16. Nc3 Rxb2 17. Bc4 Bb4 18. Ng5 Bh5 19. a3 Bc5 20. Na4 Bxe3 21.
Qxe3 Rbb8 22. Nc3 Qb6 23. Qh3 Bg6 24. Nxf7 Bxf7 25. Bxf7+ Kxf7 26. Qxd7+ Re7
27. Qd3 Qd4 28. Qh3 Kg8 29. Rad1 Qc4 30. Rfe1 Qe6 31. Qxe6+ Rxe6 32. Re2 Ree8
33. Red2 Rb2 34. h3 h6 35. Kg1 Kh7 36. Kf2 Kg6 37. Ke3 Kg5 38. Rf1 Kg6 39. Rff2
Re6 40. Rd3 Rb7 41. Na2 a5 42. Nc3 Nh5 43. Ne2 Rb1 44. g4 Nf6 45. Nc3 Rh1 46.
Kd2 Ra1 47. Re2 Rxa3 1/2-1/2

[Event "Sparkassen-Open A"]
[Site "Heusenstamm, Martinsee"]
[Date "2019.11.24"]
[Round "7.54"]
[White "Ahrends, Norbert"]
[Black "Heß, Steffen"]
[Result "0-1"]
[WhiteElo "1929"]
[BlackElo "2028"]
[PlyCount "35"]
[EventDate "2019.??.??"]
[WhiteTeam "SK Gernsheim"]
[BlackTeam "SC Groß-Zimmern"]

1. d4 Nf6 2. c4 g6 3. Nc3 Bg7 4. e4 d6 5. f3 a6 6. Bg5 Nc6 7. Qd2 Rb8 8. Nd5
Nxd5 9. cxd5 Nxd4 10. Ne2 Nxe2 11. Bxe2 c5 12. O-O b5 13. Kh1 O-O 14. Bh4 Qc7
15. f4 e6 16. Rad1 exd5 17. Qxd5 Bb7 18. Qd2 0-1

[Event "Sparkassen-Open A"]
[Site "Heusenstamm, Martinsee"]
[Date "2019.11.24"]
[Round "7.55"]
[White "Thomas, Tobias"]
[Black "Eichner, Christian"]
[Result "1-0"]
[WhiteElo "1907"]
[BlackElo "2061"]
[PlyCount "83"]
[EventDate "2019.??.??"]
[WhiteTeam "SK Langen"]
[BlackTeam "SV TuR Dresden"]

1. c4 e5 2. g3 Nf6 3. Bg2 d5 4. cxd5 Nxd5 5. Nc3 Be6 6. Nf3 Nc6 7. O-O Nb6 8.
d4 exd4 9. Nb5 Be7 10. Nbxd4 Nxd4 11. Nxd4 Bd5 12. e4 Bc4 13. Re1 O-O 14. b3
Bb4 15. Bb2 Bxe1 16. Qxe1 Be6 17. Qc3 Qd7 18. f4 f6 19. f5 Bf7 20. g4 Rac8 21.
g5 c5 22. Ne2 Rfd8 23. g6 hxg6 24. fxg6 Bxg6 25. Qg3 Bh5 26. Bh3 Qd3 27. Qxd3
Rxd3 28. Nf4 Rcd8 29. Nxd3 Rxd3 30. Be6+ Bf7 31. Bf5 Bh5 32. Rc1 Rd1+ 33. Rxd1
Bxd1 34. Ba3 c4 35. Be6+ Kh7 36. bxc4 Bc2 37. c5 Na4 38. Bd5 b5 39. c6 Nb6 40.
c7 a5 41. Bc5 Nc8 42. Bb7 1-0